000 00697nam a2200289Ia 4500
005 20260324140511.0
008 008 260324s9999 xx 000 0 eng d
020 _a9781315231143
037 _aEBOOK
040 _aCRL
040 _beng
040 _cCRL
041 _2eng
041 _aeng
084 _qCRL
100 _aRonna Jevne; Donna Reilly Williams
_91204628
245 0 _aWhen Dreams Don't Work
245 0 _bProfessional Caregivers and Burnout
260 _bTaylor and Francis
260 _c1998
365 _a
365 _b300
856 _uhttp://www.taylorfrancis.com/books/9781315231143
942 _cEBOOK
999 _c1806783
_d1806783